| 000 | 00546nam a22001937a 4500 | ||
|---|---|---|---|
| 003 | OSt | ||
| 005 | 20260422005010.0 | ||
| 008 | 260422b |||||||| |||| 00| 0 eng d | ||
| 020 | _a0-9621436-6-9 | ||
| 040 |
_aDWCL-Main lib _cOC |
||
| 082 | _aCirc. 211 R414 1999 | ||
| 100 | _aRenner, Rick | ||
| 245 |
_aIf you were God, would you choose you?/ _cRenner, Rick |
||
| 260 |
_aTulsa, OK : _bRick Renner Ministries, _cc1999 |
||
| 300 |
_a330 p. _c21 cm. |
||
| 650 | _a1. God | ||
| 650 | _a2. God-Christianity | ||
| 942 |
_2ddc _cBK-CIRC _hCirc. _n0 |
||
| 999 |
_c9631 _d9631 |
||